<?xml version="1.0" encoding="UTF-8"?>
<record
    xmlns:xsi="http://www.w3.org/2001/XMLSchema-instance"
    xsi:schemaLocation="http://www.loc.gov/MARC21/slim http://www.loc.gov/standards/marcxml/schema/MARC21slim.xsd"
    xmlns="http://www.loc.gov/MARC21/slim">

  <leader>00853nam a22001577a 4500</leader>
  <controlfield tag="003">SGT</controlfield>
  <datafield tag="020" ind1=" " ind2=" ">
    <subfield code="a">9788121935159</subfield>
  </datafield>
  <datafield tag="082" ind1=" " ind2=" ">
    <subfield code="a">547, BAH </subfield>
  </datafield>
  <datafield tag="100" ind1=" " ind2=" ">
    <subfield code="a">BAHL, ARUN </subfield>
  </datafield>
  <datafield tag="245" ind1=" " ind2=" ">
    <subfield code="a">ADVANCED ORGANIC CHEMISTRY </subfield>
  </datafield>
  <datafield tag="260" ind1=" " ind2=" ">
    <subfield code="a">NEW DELHI </subfield>
    <subfield code="b">S. CHAND </subfield>
    <subfield code="c">2014 </subfield>
  </datafield>
  <datafield tag="300" ind1=" " ind2=" ">
    <subfield code="a">1504</subfield>
  </datafield>
  <datafield tag="650" ind1=" " ind2=" ">
    <subfield code="a">ORGANIC CHEMISTRY </subfield>
  </datafield>
  <datafield tag="653" ind1=" " ind2=" ">
    <subfield code="a">Introduction, Structure Of Organic Molecules, Organic Reaction Mechanims, Organic Reaction Mechanisms, Isomerism And Stereochemistry, Spectroscopy,  Alkanes | Cycloalkanes, Petroleum, Petrochemicals And Alternative Fuels, Alkenes And Dienes, Alkynes | Alkyl Halides, Organometallic Compunds, Alcohols, Polyhydric Alcohols| Polyhydric Alcohols, Ethers And Epoxides, Thiols And Thiothers, Aldehyde Methylene Compounds, Lipids | Cyan Compounds, Derivatives Of Carbonic Acids, Nitroalkanes, Diazoalkanes And Asides</subfield>
  </datafield>
  <datafield tag="942" ind1=" " ind2=" ">
    <subfield code="2">ddc</subfield>
    <subfield code="c">FPS</subfield>
    <subfield code="0">1</subfield>
  </datafield>
  <datafield tag="952" ind1=" " ind2=" ">
    <subfield code="0">0</subfield>
    <subfield code="1">0</subfield>
    <subfield code="2">ddc</subfield>
    <subfield code="4">0</subfield>
    <subfield code="7">0</subfield>
    <subfield code="a">SSSL</subfield>
    <subfield code="b">SSSL</subfield>
    <subfield code="c">TXT</subfield>
    <subfield code="d">2016-06-25</subfield>
    <subfield code="e">SPARSH BOOK GALLERY </subfield>
    <subfield code="g">1100.00</subfield>
    <subfield code="i">SGTU</subfield>
    <subfield code="l">4</subfield>
    <subfield code="o">547, BAH</subfield>
    <subfield code="p">PS520</subfield>
    <subfield code="r">2019-10-09 00:00:00</subfield>
    <subfield code="s">2019-09-25</subfield>
    <subfield code="w">2014-11-25</subfield>
    <subfield code="y">FPS</subfield>
    <subfield code="k">1291</subfield>
  </datafield>
  <datafield tag="952" ind1=" " ind2=" ">
    <subfield code="0">0</subfield>
    <subfield code="1">0</subfield>
    <subfield code="2">ddc</subfield>
    <subfield code="4">0</subfield>
    <subfield code="7">0</subfield>
    <subfield code="a">SSSL</subfield>
    <subfield code="b">SSSL</subfield>
    <subfield code="c">TXT</subfield>
    <subfield code="d">2016-06-25</subfield>
    <subfield code="e">SPARSH BOOK GALLERY </subfield>
    <subfield code="g">1100.00</subfield>
    <subfield code="i">SGTU</subfield>
    <subfield code="l">3</subfield>
    <subfield code="o">547, BAH</subfield>
    <subfield code="p">PS521</subfield>
    <subfield code="r">2019-09-26 00:00:00</subfield>
    <subfield code="s">2019-09-25</subfield>
    <subfield code="w">2014-11-25</subfield>
    <subfield code="y">FPS</subfield>
    <subfield code="k">1291</subfield>
  </datafield>
  <datafield tag="952" ind1=" " ind2=" ">
    <subfield code="0">0</subfield>
    <subfield code="1">0</subfield>
    <subfield code="2">ddc</subfield>
    <subfield code="4">0</subfield>
    <subfield code="7">0</subfield>
    <subfield code="a">SSSL</subfield>
    <subfield code="b">SSSL</subfield>
    <subfield code="c">TXT</subfield>
    <subfield code="d">2016-06-25</subfield>
    <subfield code="e">SPARSH BOOK GALLERY </subfield>
    <subfield code="g">1100.00</subfield>
    <subfield code="i">SGTU</subfield>
    <subfield code="l">5</subfield>
    <subfield code="o">547, BAH</subfield>
    <subfield code="p">PS522</subfield>
    <subfield code="r">2022-12-26 00:00:00</subfield>
    <subfield code="s">2022-12-17</subfield>
    <subfield code="w">2014-11-25</subfield>
    <subfield code="y">FPS</subfield>
    <subfield code="k">1291</subfield>
  </datafield>
  <datafield tag="999" ind1=" " ind2=" ">
    <subfield code="c">9231</subfield>
    <subfield code="d">9231</subfield>
  </datafield>
</record>
